00478pam a2200145 a 4500020000500000041000500005082001600010100001500026245003800041260005200079300001600131930000900147999001900156952015700175 c h a686.22bKAR aHuang Dan. aNew TypographyhTextual Documents aHong-Kong:bArt power Internation Hong- Kong. a279:bHard. a8278 c242068d242068 001040708Text BooksaFAPbFAPd2018-03-02eBhararti Sahakari Grahak Bhandarg2850.00l0o686.22 KARpFAP-9202r2023-03-07 00:00:00t1w2023-03-07yBK